000
00275nam a22001217a 4500
003
SGT
082
_a
616.024
_b
I14B
100
_a
BERSTEN, ANDREW D.
245
_a
ICU OHS INTENSIVE CARE MANUAL
260
_a
INDIA
_b
BUTTERWORTH
_c
2014
300
_a
1242
942
_2
ddc
_c
BK
_0
1
999
_c
14817
_d
14817